High Court Adoption Cause No.8 of 1996 In the matter of the Children' statute No.6 of 1996 and In the Matter of Micheal Lumu. (Record no. 4493)
[ view plain ]
| 000 -LEADER | |
|---|---|
| fixed length control field | 00489nam a22001097a 4500 |
| 008 - FIXED-LENGTH DATA ELEMENTS--GENERAL INFORMATION | |
| fixed length control field | 110704t xxu||||| |||| 00| 0 eng d |
| 010 ## - LIBRARY OF CONGRESS CONTROL NUMBER | |
| LC control number | HCACF-132 |
| 245 ## - TITLE STATEMENT | |
| Title | High Court Adoption Cause No.8 of 1996 In the matter of the Children' statute No.6 of 1996 and In the Matter of Micheal Lumu. |
| 260 ## - PUBLICATION, DISTRIBUTION, ETC. (IMPRINT) | |
| Date of publication, distribution, etc | 2000 |
| 500 ## - GENERAL NOTE | |
| General note | Before: Hon. Justice V.A.R. Rwamisazi-Kagaba |
| Withdrawn status | Lost status | Source of classification or shelving scheme | Damaged status | Koha normalized classification for sorting | Not for loan | Location (home branch) | Sublocation or collection (holding branch) | Shelving location | Date acquired | Koha issues (times borrowed) | Koha reserves (requests) | Koha full call number | Piece designation (barcode) | Koha date last seen | Price effective from | Koha item type |
|---|---|---|---|---|---|---|---|---|---|---|---|---|---|---|---|---|
| Dewey Decimal Classification | HCAC_F132 | Law Development Centre Main Library | Law Development Centre Main Library | Law Reports | 07/04/2011 | HCAC F-132 | 2011/2956 | 07/04/2011 | 07/04/2011 | Un Reported Cases |
